Logo biblioteca
Santa Fe 2917, Rosario, Santa Fe
Lu-Vi 8 a 19.45
+54-341-4232362
bibliotecaeudoro@gmail.com
Facebook Biblioteca Pedagógica
Sitio web

El enfermo imaginario; (Registro nro. 32529)

Detalles MARC
000 -CABECERA
campo fijo de control de longitud 00716nam a2200229 4500
001 - NÚMERO DE CONTROL
campo de control 32529
003 - IDENTIFICADOR DEL NÚMERO DE CONTROL
campo de control AR-RoBPED
005 - FECHA Y HORADE LA ULTIMA TRANSACCION
campo de control 20260413105638.0
008 - ELEMENTOS DE LONGITUD FIJA--INFORMACION GENERAL
campo fijo de control de longitud 260408s1969 es ||||er|||| 001 1 spa d
040 ## - FUENTE CATALOGADORA
Centro catalogador/agencia de origen AR-RoBPED
041 ## - IDIOMA
Código de idioma para texto/pista de sonido o título independiente spa
100 1# - ENCABEZAMIENTO PRINCIPAL--AUTOR PERSONAL
Nombre de persona Molière, seud.
Fechas nac-muerte 1622-1673
9 (RLIN) 15570
245 13 - TITULO
Título El enfermo imaginario;
Subtítulo El médico a palos /
Mención de responsabilidad Moliere
260 ## - PUBLICACION
Lugar Buenos Aires :
Editor Salvat,
Fecha 1969.
300 ## - DESCRIPCION FISICA
Extensión 186 p.
490 0# - SERIE
Mención de serie (Biblioteca Básica Salvat ;
Designación de volumen o secuencia N° 12)
650 #4 - TERMINO DE MATERIA--CONTROLADO
Término controlado LITERATURA FRANCESA
9 (RLIN) 393
Término controlado TEATRO
9 (RLIN) 241
700 ## - ENCABEZAMIENTO SECUNDARIO--AUTOR PERSONAL
Nombre de persona López Sancho, Lorenzo
Fecha de nac-muerte 1910-2001
9 (RLIN) 30660
Función prol.
942 ## - ELEMENTOS KOHA
Fuente de clasificación Universal Decimal Classification
Número Koha k. 32529
Koha tipo de ítem Libro
Clasificación 840-2
Signatura librística M 74 e
Inventario inv. 42337
945 ## - PROCESAMIENTO DE LA INFORMACIÓN LOCAL
Catalogador y fecha mm 08/04/2026 - cd 13/04/2026
Existencias
Estado retirado Estado perdido Fuente de clasificación Estado dañado No se presta Biblioteca propietaria Biblioteca de reserva Fecha de adquisición Procedencia Total de préstamos Signatura topográfica completa Código de barras (nº de inventario) Fecha visto por última vez Catalogador y fecha Tipo de ítem Koha Nota pública
    Universal Decimal Classification     Biblioteca Pedagógica Eudoro Díaz Biblioteca Pedagógica Eudoro Díaz 19/03/2026 Donación   840-2 M 74 e 42337 08/04/2026 mm 08/04/2026 Libro Se presta 15 días.